Радиационно-стимулированная электропроводность высоковольтной керамики при облучении гамма-квантами; Физико-технические проблемы в науке, промышленности и медицине

מידע ביבליוגרפי
Parent link:Физико-технические проблемы в науке, промышленности и медицине.— 2015.— [С. 232-233]
מחבר ראשי: Пичугин В. Ф. Владимир Федорович
Corporate Authors: Национальный исследовательский Томский политехнический университет (ТПУ) Физико-технический институт (ФТИ) Кафедра теоретической и экспериментальной физики (ТиЭФ), Национальный исследовательский Томский политехнический университет (ТПУ) Институт неразрушающего контроля (ИНК) Лаборатория № 51 (Радиационных испытаний материалов и изделий)
מחברים אחרים: Смекалин Л. Ф. Леонид Федорович, Владимиров А. М.
סיכום:Заглавие с титульного экрана
שפה:רוסית
יצא לאור: 2015
סדרה:Радиационные и пучково-плазменные технологии в науке, технике и медицине
נושאים:
גישה מקוונת:http://earchive.tpu.ru/handle/11683/17462
http://www.lib.tpu.ru/fulltext/c/2015/C49/201.pdf
פורמט: MixedMaterials אלקטרוני Book Chapter
KOHA link:https://koha.lib.tpu.ru/cgi-bin/koha/opac-detail.pl?biblionumber=612780

MARC

LEADER 00000naa2a2200000 4500
001 612780
005 20231101132726.0
035 |a (RuTPU)RU\TPU\conf\10911 
035 |a RU\TPU\conf\10907 
090 |a 612780 
100 |a 20150626d2015 k y0rusy50 ca 
101 0 |a rus 
102 |a RU 
105 |a y z 101zy 
135 |a drcn ---uucaa 
181 0 |a i  
182 0 |a b 
200 1 |a Радиационно-стимулированная электропроводность высоковольтной керамики при облучении гамма-квантами  |f В. Ф. Пичугин, Л. Ф. Смекалин, А. М. Владимиров 
203 |a Текст  |c электронный 
225 1 |a Радиационные и пучково-плазменные технологии в науке, технике и медицине 
230 |a 1 компьютерный файл (pdf; 720 Кb) 
300 |a Заглавие с титульного экрана 
320 |a [Библиогр.: с. 233 (5 назв.)] 
337 |a Adobe Reader 
463 0 |0 (RuTPU)RU\TPU\conf\10637  |t Физико-технические проблемы в науке, промышленности и медицине  |o сборник тезисов докладов VII Международной научно-практической конференции, г. Томск, 3-6 июня 2015 г.  |f Национальный исследовательский Томский политехнический университет (ТПУ) ; под ред. А. Н. Дьяченко [и др.]  |v [С. 232-233]  |d 2015 
610 1 |a труды учёных ТПУ 
610 1 |a электронный ресурс 
610 1 |a радиационно-стимулированная электропроводность 
610 1 |a высоковольтная керамика 
610 1 |a керамика 
610 1 |a облучение 
610 1 |a гамма-кванты 
700 1 |a Пичугин  |b В. Ф.  |c российский физик  |c профессор Томского политехнического университета, доктор физико-математических наук  |f 1944-  |g Владимир Федорович  |2 stltpush  |3 (RuTPU)RU\TPU\pers\25824 
701 1 |a Смекалин  |b Л. Ф.  |c физик  |c ведущий инженер Томского политехнического университета  |f 1958-  |g Леонид Федорович  |2 stltpush  |3 (RuTPU)RU\TPU\pers\34900 
701 1 |a Владимиров  |b А. М. 
712 0 2 |a Национальный исследовательский Томский политехнический университет (ТПУ)  |b Физико-технический институт (ФТИ)  |b Кафедра теоретической и экспериментальной физики (ТиЭФ)  |h 138  |2 stltpush  |3 (RuTPU)RU\TPU\col\18726 
712 0 2 |a Национальный исследовательский Томский политехнический университет (ТПУ)  |b Институт неразрушающего контроля (ИНК)  |b Лаборатория № 51 (Радиационных испытаний материалов и изделий)  |h 6597  |2 stltpush  |3 (RuTPU)RU\TPU\col\19294 
801 2 |a RU  |b 63413507  |c 20210210  |g RCR 
856 4 |u http://earchive.tpu.ru/handle/11683/17462 
856 4 |u http://www.lib.tpu.ru/fulltext/c/2015/C49/201.pdf 
942 |c BK